[Event "Challenge"]
[Site "http://www.queenalice.com/game.php?id=674929"]
[Date "2009.10.30"]
[Round "-"]
[White "jeancnet"]
[Black "mbacellar"]
[Result "0-1"]
[WhiteElo "1312"]
[BlackElo "1249"]

1. e4 d5 2. Qh5 Nf6 3. Qf3 Nxe4 4. c4 g6 5. cxd5 Qxd5 6. Nc3 Qd4 7. Nxe4 Bf5 8.
Ng5 h6 9. Qxb7 Qb6 10. Qxa8 c6 11. Bc4 hxg5 12. Bd5 Kd7 13. Bxf7 e6 14. d3 Ke7
15. Be3 Qb5 16. Qxa7+ Nd7 17. Bxg5+ Kd6 18. a4 Qxb2 19. Rc1 Be7 20. Qc5+ Nxc5
21. Bf4+ e5 22. Be3 Nb3 23. Nf3 Nxc1 24. Nd2 Nxd3+ 25. Ke2 e4 26. f3 Rf8 27. Bc4
Nc1+ 28. Kf2 Ra8 29. fxe4 Bd7 30. Bf4+ Kc5 31. Kg3 Rxa4 32. Nf3 Rxc4 33. Rd1
Ne2+ 34. Kf2 Nxf4+ 35. Rd2 Qc3 36. Rxd7 Bg5 37. Nxg5 Qa5 38. g3 Nh5 39. Rd5+
cxd5 40. exd5 Kxd5 0-1

[Event "Challenge"]
[Site "http://www.queenalice.com/game.php?id=674931"]
[Date "2009.10.30"]
[Round "-"]
[White "jeancnet"]
[Black "BALASH"]
[Result "0-1"]
[WhiteElo "1293"]
[BlackElo "1288"]

1. e4 e5 2. Qf3 Nf6 3. Bc4 Bc5 4. d4 Bb4+ 5. c3 Bd6 6. Bg5 Be7 7. Bxf6 Bxf6 8.
Qh5 g6 9. Qh6 Qe7 10. g3 a6 11. Nf3 d6 12. g4 Be6 13. d5 Bxg4 14. Nfd2 Nd7 15.
f3 Bh5 16. Na3 O-O-O 17. Qe3 Bg5 18. Qa7 Bxd2+ 19. Kxd2 Qg5+ 20. Kc2 Qg2+ 21.
Kb3 Nc5+ 22. Kb4 Qf2 23. Nb5 Qxb2+ 24. Ka5 b6+ 25. Qxb6 axb5 26. Bxb5 Qa3+ 27.
Ba4 Qxa4# 0-1

[Event "Challenge"]
[Site "http://www.queenalice.com/game.php?id=674933"]
[Date "2009.10.30"]
[Round "-"]
[White "jeancnet"]
[Black "Petrucio"]
[Result "0-1"]
[WhiteElo "1338"]
[BlackElo "1470"]

1. e4 d6 2. Qh5 g6 3. Qf3 e5 4. Bc4 Nf6 5. d4 exd4 6. Bg5 Be7 7. Nh3 h6 8. Bxf6
Bxf6 9. g4 Qe7 10. Nf4 g5 11. Nh5 Be5 12. Ng7+ Bxg7 13. O-O Qe5 14. Qxf7+ Kd8
15. f4 Qe7 16. Qg6 Bxg4 17. Na3 Qe8 18. Qxg7 d5 19. Bxd5 c6 20. Bf7 Qxe4 21.
Qxh8+ Ke7 22. Qe8+ Kf6 23. Qxe4 Kxf7 0-1

[Event "Challenge"]
[Site "http://www.queenalice.com/game.php?id=674935"]
[Date "2009.10.30"]
[Round "-"]
[White "jeancnet"]
[Black "Nassho"]
[Result "0-1"]
[WhiteElo "1307"]
[BlackElo "1433"]

1. e4 h5 2. Qf3 Nf6 3. Bc4 c5 4. d4 Qa5+ 5. c3 cxd4 6. b4 Qe5 7. cxd4 Qxd4 8.
Bd3 Qxa1 9. e5 Qxe5+ 10. Ne2 e6 11. a3 g6 12. Bf4 Qb2 13. Bxb8 Rxb8 14. Qxf6
Qxf6 0-1

[Event "Challenge"]
[Site "http://www.queenalice.com/game.php?id=675346"]
[Date "2009.10.31"]
[Round "-"]
[White "jeancnet"]
[Black "otnedia1"]
[Result "0-1"]
[WhiteElo "1347"]
[BlackElo "1527"]

1. e4 e5 2. Qf3 Nf6 3. Bc4 d6 4. g4 Bxg4 5. Qg3 h5 6. d4 exd4 7. Bg5 Qd7 8. Qf4
Nc6 9. Bxf6 gxf6 10. Qxf6 Bh6 11. Qxh8+ Bf8 12. Qf6 Be7 13. Qxf7+ Kd8 14. Qg8+
Qe8 15. Qg7 Bh4 16. Qxg4 hxg4 17. h3 Qxe4+ 18. Ne2 Qxh1+ 19. Kd2 gxh3 20. Nf4
Bxf2 0-1

[Event "Challenge"]
[Site "http://www.queenalice.com/game.php?id=678438"]
[Date "2009.11.5"]
[Round "-"]
[White "jeancnet"]
[Black "elsoncg"]
[Result "0-1"]
[WhiteElo "1329"]
[BlackElo "1309"]

1. e4 e5 2. Bc4 b5 3. Bxb5 c6 4. Bc4 Ba6 5. Bb3 Qf6 6. Qh5 g6 7. Qg4 Nh6 8. Qh3
Bc5 9. Nf3 d5 10. d4 exd4 11. Bxh6 dxe4 12. Nfd2 d3 13. Nxe4 Qe5 14. Qc8+ Bxc8
15. cxd3 Qxb2 16. Nd6+ Bxd6 17. O-O Qxa1 18. Re1+ Be7 19. Bxf7+ Kxf7 20. g3 Qxa2
21. Nc3 Qc2 22. Ne4 Qxd3 23. Re3 Qd1+ 24. Kg2 Qh5 25. Rf3+ Ke6 26. Rf6+ Bxf6 27.
f3 Qxh6 0-1

[Event "Challenge"]
[Site "http://www.queenalice.com/game.php?id=683871"]
[Date "2009.11.15"]
[Round "-"]
[White "jeancnet"]
[Black "mbacellar"]
[Result "0-1"]
[WhiteElo "1307"]
[BlackElo "1263"]

1. e3 e5 2. Qf3 d5 3. b3 Qd6 4. Nc3 d4 5. exd4 Nc6 6. Bb5 a6 7. Bc4 Nf6 8. d3
Qxd4 9. Ne4 Qxa1 10. Nxf6+ gxf6 11. Qxf6 Be6 12. Qxh8 Qxc1+ 13. Ke2 Nd4# 0-1

[Event "Challenge"]
[Site "http://www.queenalice.com/game.php?id=686348"]
[Date "2009.11.20"]
[Round "-"]
[White "jeancnet"]
[Black "jamsession"]
[Result "0-1"]
[WhiteElo "1279"]
[BlackElo "1686"]

1. e4 c5 2. Bc4 e6 3. Qf3 a6 4. Nh3 Nc6 5. Nf4 Ne5 6. Qc3 d6 7. Qh3 Nxc4 8. d3
Nb6 9. Nc3 e5 10. Ne6 Bxe6 11. Qg3 g6 12. Bg5 f6 13. Bh4 Bg7 14. Qf3 Nh6 0-1

[Event "Challenge"]
[Site "http://www.queenalice.com/game.php?id=687898"]
[Date "2009.11.24"]
[Round "-"]
[White "jeancnet"]
[Black "FENIX_RJ"]
[Result "0-1"]
[WhiteElo "1289"]
[BlackElo "1528"]

1. e4 e5 2. Qf3 Nc6 3. Bc4 Nh6 4. g4 d5 5. Bxd5 Bxg4 6. Qe3 Nd4 7. c3 Nc2+ 8.
Kf1 Nxe3+ 9. dxe3 f5 10. Bxb7 Qd1+ 0-1

[Event "Challenge"]
[Site "http://www.queenalice.com/game.php?id=851281"]
[Date "2010.10.27"]
[Round "-"]
[White "pioupiou"]
[Black "jeancnet"]
[Result "1-0"]
[WhiteElo "1357"]
[BlackElo "1263"]

1. e4 Nf6 2. d3 c5 3. Be3 d6 4. Nc3 Qa5 5. Nf3 Bg4 6. Be2 Nc6 7. Ng5 Qb4 8. O-O
Qxb2 9. Rb1 Qxc3 10. Rb3 Qe5 11. Rxb7 Nd8 12. Bxg4 Nxb7 13. c4 h6 14. Nf3 1-0

[Event "Let's Play Chess!"]
[Site "http://www.queenalice.com/game.php?id=852065"]
[Date "2010.10.31"]
[Round "-"]
[White "jeancnet"]
[Black "igorjava"]
[Result "0-1"]
[WhiteElo "1249"]
[BlackElo "1831"]

1. d4 d5 2. Nc3 Nf6 3. e3 Bg4 4. Bb5+ c6 5. Bxc6+ Nxc6 6. f3 Bd7 7. Nb5 a6 8.
Na3 e5 9. dxe5 Nxe5 10. f4 Bg4 11. Qd4 Nc6 12. h3 Nxd4 0-1

[Event "Let's Play Chess!"]
[Site "http://www.queenalice.com/game.php?id=852066"]
[Date "2010.10.31"]
[Round "-"]
[White "igorjava"]
[Black "jeancnet"]
[Result "1-0"]
[WhiteElo "1888"]
[BlackElo "1265"]

1. e4 Nf6 2. e5 Ne4 3. d4 e6 4. Nf3 f5 5. Bd3 Bb4+ 6. c3 Ba5 7. Bxe4 fxe4 8. Ng5
h6 9. Qh5+ g6 10. Qxg6+ Ke7 11. Qf6+ Ke8 12. Qf7# 1-0

[Event "Let's Play Chess!"]
[Site "http://www.queenalice.com/game.php?id=852067"]
[Date "2010.10.31"]
[Round "-"]
[White "jeancnet"]
[Black "igorjava"]
[Result "0-1"]
[WhiteElo "1251"]
[BlackElo "1829"]

1. d4 d5 2. e3 Nf6 3. Qf3 Bg4 4. Bb5+ c6 5. Bxc6+ Nxc6 6. Qf5 Bxf5 7. Nf3 Bxc2
8. O-O e5 9. dxe5 Nd7 10. g3 Ndxe5 11. Nh4 Be7 12. Na3 Be4 0-1